Statistics for 内蒙古自治区辖县级行政区地图 County-level administrative divisions of Inner Mongolia

Click here to take the quiz!

General Stats

  • This quiz has been taken 74 times
  • The average score is 59 of 103

Answers on the Map

Answers color-coded by a green-red scale on the quiz's map according to % correct below.
 

Answer Stats

县级类地名% Correct
阿拉善左旗
92%
县级市二连浩特市
92%
县级市满洲里市
92%
阿拉善右旗
89%
县级市锡林浩特市
87%
自治旗鄂伦春自治旗
84%
市辖区科尔沁区
82%
市辖区集宁区
79%
县级市乌兰浩特市
79%
额济纳旗
79%
县级市根河市
76%
陈巴尔虎旗
74%
县级市牙克石市
74%
市辖区海拉尔区
74%
新巴尔虎左旗
74%
新巴尔虎右旗
74%
县级市额尔古纳市
71%
四子王旗
71%
县级市阿尔山市
68%
市辖区白云鄂博矿区
68%
自治旗鄂温克族自治旗
68%
市辖区东胜区
68%
科尔沁左翼中旗
68%
市辖区扎赉诺尔区
66%
土默特右旗
66%
科尔沁左翼后旗
66%
土默特左旗
66%
正蓝旗
66%
市辖区红山区
63%
市辖区赛罕区
63%
科尔沁右翼前旗
63%
县级市霍林郭勒市
63%
科尔沁右翼中旗
63%
西乌珠穆沁旗
61%
县级市扎兰屯市
61%
杭锦旗
61%
东乌珠穆沁旗
61%
市辖区回民区
61%
市辖区临河区
58%
自治旗莫力达瓦达斡尔族自治旗
58%
乌拉特前旗
58%
市辖区海勃湾区
58%
乌拉特后旗
58%
伊金霍洛旗
58%
巴林左旗
58%
克什克腾旗
58%
正镶白旗
58%
巴林右旗
58%
准格尔旗
58%
翁牛特旗
55%
市辖区青山区
55%
达尔罕茂明安联合旗
55%
镶黄旗
55%
苏尼特左旗
55%
市辖区九原区
55%
市辖区昆都仑区
55%
市辖区乌达区
55%
察哈尔右翼后旗
55%
苏尼特右旗
55%
阿荣旗
53%
扎赉特旗
53%
开鲁县
53%
乌拉特中旗
53%
市辖区新城区
53%
市辖区元宝山区
53%
察哈尔右翼前旗
53%
市辖区康巴什区
50%
奈曼旗
50%
杭锦后旗
50%
乌审旗
50%
和林格尔县
50%
市辖区松山区
50%
喀喇沁旗
47%
武川县
47%
化德县
47%
清水河县
47%
商都县
47%
阿鲁科尔沁旗
47%
阿巴嘎旗
45%
五原县
45%
磴口县
45%
林西县
45%
鄂托克旗
45%
扎鲁特旗
45%
市辖区石拐区
42%
敖汉旗
42%
宁城县
42%
市辖区玉泉区
42%
察哈尔右翼中旗
42%
托克托县
42%
太仆寺旗
42%
市辖区海南区
42%
县级市丰镇市
42%
鄂托克前旗
39%
达拉特旗
39%
市辖区东河区
37%
多伦县
34%
卓资县
34%
固阳县
34%
库伦旗
32%
兴和县
32%
突泉县
32%
凉城县
32%

Score Distribution

Percentile by Number Answered

Percent of People with Each Score

Your Score History

You have not taken this quiz